| 000 | 00641nam a2200217Ii 4500 | ||
|---|---|---|---|
| 003 | JO-AjNU | ||
| 008 | 230606s9999||||xx |||||||||||||| ||und|| | ||
| 020 | _a0-582-26257-7 | ||
| 040 |
_aJO-AjNU _beng _erda _cJO-AjNU |
||
| 041 | _aeng | ||
| 050 | 1 | 4 | _aHF5635.W335 1996 |
| 100 | 3 |
_aWaterston,Christopher/Britton,Anne, _eauthor _93116 |
|
| 245 | 0 | 0 | _aFinancial Accounting |
| 250 | _a1 ed | ||
| 264 | 3 | 1 | _aLondon,New York : Wesley,1996 |
| 300 |
_a231p _b Includes indexes(p227-231) |
||
| 336 |
_atext _btxt _2rdacontent |
||
| 337 |
_aunmediated _bn _2rdamedia |
||
| 338 |
_avolume _bnc _2rdacarrier |
||
| 650 | 4 |
_aFinancial Accounting _93117 |
|
| 999 |
_aE1633 _c1633 _d1633 |
||